<?xml version="1.0" encoding="UTF-8"?>
<record
    xmlns:xsi="http://www.w3.org/2001/XMLSchema-instance"
    xsi:schemaLocation="http://www.loc.gov/MARC21/slim http://www.loc.gov/standards/marcxml/schema/MARC21slim.xsd"
    xmlns="http://www.loc.gov/MARC21/slim">

  <leader>00573cam5a220019300 4500</leader>
  <controlfield tag="001">qce00878575</controlfield>
  <controlfield tag="005">20190823102016.0</controlfield>
  <datafield tag="020" ind1=" " ind2=" ">
    <subfield code="a">13373707598</subfield>
  </datafield>
  <controlfield tag="008">740322s1954    enka          000 0 eng  </controlfield>
  <datafield tag="035" ind1=" " ind2=" ">
    <subfield code="a">(Sirsi) r55870</subfield>
  </datafield>
  <datafield tag="050" ind1="0" ind2=" ">
    <subfield code="a">QL 431 MOZ 1954</subfield>
  </datafield>
  <datafield tag="100" ind1="1" ind2=" ">
    <subfield code="a">Mozley, Alan, 1904-</subfield>
    <subfield code="d">Mozley, Alan, 1904-</subfield>
    <subfield code="6">A10906.1</subfield>
  </datafield>
  <datafield tag="245" ind1="1" ind2="3">
    <subfield code="a"> Fresh Water Ecology/</subfield>
    <subfield code="c">by Alan Mozley</subfield>
  </datafield>
  <datafield tag="260" ind1=" " ind2=" ">
    <subfield code="a">London :</subfield>
    <subfield code="b">H.K. Lewis,</subfield>
    <subfield code="c">1954.</subfield>
  </datafield>
  <datafield tag="504" ind1=" " ind2=" ">
    <subfield code="a">Includes bibliographies.</subfield>
  </datafield>
  <datafield tag="650" ind1=" " ind2="0">
    <subfield code="a">Mollusks.</subfield>
    <subfield code="6">S10506.1</subfield>
  </datafield>
  <datafield tag="650" ind1=" " ind2="0">
    <subfield code="a">Animal ecology.</subfield>
    <subfield code="6">S1980.1</subfield>
  </datafield>
  <datafield tag="740" ind1="0" ind2=" ">
    <subfield code="a">Molluscan ecology.</subfield>
  </datafield>
  <datafield tag="999" ind1=" " ind2=" ">
    <subfield code="c">147859</subfield>
    <subfield code="d">147859</subfield>
  </datafield>
</record>
